Makroekonomická predikce české ekonomiky z pohledu Investiční a poštovní banky
Základné charakteristiky hospodárskeho vývoja v r. 1994. Makroekonomický výhľad na r. 1995. Odhad vývoja najdôležitejších makroekonomických indikátorov na najbližšie obdobie po r. 1995. Predpokladaný vývoj hospodárskopolitickej, fiškálnej a monetárnej situácie.
Guardado en:
| Autor principal: | |
|---|---|
| Formato: | Capítulo de libro |
| Lenguaje: | checo |
| Materias: | |
| Etiquetas: |
Sin Etiquetas, Sea el primero en etiquetar este registro!
|
MARC
| LEADER | 00000naa a2200000 4500 | ||
|---|---|---|---|
| 001 | r017555 | ||
| 005 | 20221205101657.6 | ||
| 041 | 0 | |a cze | |
| 044 | |a CZ | ||
| 245 | 1 | 0 | |a Makroekonomická predikce české ekonomiky z pohledu Investiční a poštovní banky |c Miroslav Souček |
| 520 | |a Základné charakteristiky hospodárskeho vývoja v r. 1994. Makroekonomický výhľad na r. 1995. Odhad vývoja najdôležitejších makroekonomických indikátorov na najbližšie obdobie po r. 1995. Predpokladaný vývoj hospodárskopolitickej, fiškálnej a monetárnej situácie. | ||
| 610 | 2 | 0 | |a makroekonomika |
| 610 | 2 | 0 | |a Česko |
| 610 | 2 | 0 | |a 1994 |
| 610 | 2 | 0 | |a 1995 |
| 610 | 2 | 0 | |a vývoj hospodársky |
| 610 | 2 | 0 | |a ukazovatele ekonomické |
| 610 | 2 | 0 | |a produkt domáci hrubý |
| 610 | 2 | 0 | |a politika menová |
| 610 | 2 | 0 | |a politika fiškálna |
| 610 | 2 | 0 | |a politika hospodárska |
| 610 | 2 | 0 | |a bilancia platobná |
| 610 | 2 | 0 | |a miera inflácie |
| 610 | 2 | 0 | |a zásoba peňažná |
| 610 | 2 | 0 | |a sadzby úrokové |
| 610 | 2 | 0 | |a deriváty |
| 610 | 2 | 0 | |a konvertibilita |
| 100 | 1 | |a Souček, Miroslav | |